| 000 | 01644nam a22003377a 4500 | ||
|---|---|---|---|
| 005 | 20110711140049.0 | ||
| 008 | 110711t xxu||||| |||| 00| 0 eng d | ||
| 010 | _aENG-102971 | ||
| 020 |
_a9780198072355 _c695.00 |
||
| 020 |
_a019807235x _c695.00 |
||
| 035 | _aEN-86504 | ||
| 037 | _bDBAD / PUB | ||
| 040 |
_adpl _bEnglish |
||
| 082 | _a808.0494811 | ||
| 100 |
_aBate, Bernard _929416 |
||
| 245 |
_aTamil oratory and the Dravidian aesthetic : _bdemocratic practice in south India / _cby Bernard Bate |
||
| 260 |
_aNew Delhi _bOxford University Press _c2011 |
||
| 270 |
_aYMCA Library Building, Jai Singh Road, _bNew Delhi _e110001 |
||
| 300 |
_axxiv, 263 p. : _c24cm (Hb) _bill., maps |
||
| 500 | _aIncludes bibliographical references and index | ||
| 505 | _aThe Dravidian proper -- The king's red tongue -- Walking utopia -- On life, moonlight, and jasmine -- Bhakti and the limits of apotheosis -- Kavitha's love -- Speech in the Kali Yugam. | ||
| 650 |
_aFolk literature, Tamil _zIndia _zMadurai. _929417 |
||
| 650 |
_aEpic poetry, Tamil _zIndia _zMadurai. _929418 |
||
| 650 |
_aSpeeches, addresses, etc., Tamil _zIndia _zMadurai _929419 |
||
| 650 |
_aTamil language|z Madurai _929425 _zIndia _zMadurai _xRhetoric. |
||
| 650 |
_aPolitics and culture _zIndia _zMadurai. _929426 |
||
| 650 |
_aLanguage and culture _zIndia _zMadurai. _929427 |
||
| 651 |
_aMadurai (India) _x Politics and government. _929420 |
||
| 942 |
_2ddc _cEN _mBAT _h808.0494811 |
||
| 999 |
_c53712 _d53712 |
||